00624pam a2200181 a 4500020002200000020002300022040000800045082002600053100001800079245005800097260006800155300002900223650001200252700001900264700002700283856006600310856006600376 a0803995962 (U.S.) a8170361427 (India) cDLC00a363 SAG 1989 A012 Or.1 aMehta, Meera,10aMetropolitan housing market :ba study of Ahmedabad / aNew Delhi ;aNewburry Park, Calif. :bSage Publications,c1989. a208 p. :bill. ;c23 cm. 0aHousing1 aMehta, Dinesh,2 aShivanand Swamy, H. M.42uhttp://www.loc.gov/catdir/enhancements/fy0657/89035559-d.html41uhttp://www.loc.gov/catdir/enhancements/fy0657/89035559-t.html